Marketing nákupného centra diplomová práca

Gespeichert in:
Bibliographische Detailangaben
1. Verfasser: Križanová, Gabriela
Körperschaft: Obchodná fakulta EU. Katedra marketingu
Weitere Verfasser: Daňo, Ferdinand, 1959-
Format: Buch
Sprache:Slowakisch
Veröffentlicht: Bratislava 2015
Tags: Tag hinzufügen
Keine Tags, Fügen Sie das erste Tag hinzu!

MARC

LEADER 00000nbm a2200000 4500
001 0203018
005 20161212103449.9
041 0 |a slo 
044 |a SK 
245 1 0 |a Marketing nákupného centra  |b diplomová práca  |c Gabriela Križanová ; školiteľ: Ferdinand Daňo 
264 1 |a Bratislava  |c 2015 
300 |a 109 s. 
100 1 |a Križanová, Gabriela 
700 1 |a Daňo, Ferdinand, 1959- 
710 2 |a Obchodná fakulta EU. Katedra marketingu